| 000 | 01191nam a2200337 c 4500 | ||
|---|---|---|---|
| 003 | BLK | ||
| 005 | 20180420221728.0 | ||
| 008 | 180408b bul|||||r ||||||| ||bul|| | ||
| 010 | _aKNG00050195000 | ||
| 020 |
_a3-451-04400-5 _bиздат.: Herder |
||
| 040 | _aBLK | ||
| 041 |
_aDEU _cDEU |
||
| 080 |
_aНемски език (високонемски, стандартен писмен) _b811.112.2 _x-318(038.1) _z811.112.2-318(038.1) |
||
| 100 | 1 |
_aRohrich, Lutz _eпърви автор _922642 |
|
| 139 |
_aRohrich, Lutz _bR 72 |
||
| 245 | 1 | 0 |
_aLexikon der sprichwortlichen Redensarten _bBand 1-5 _cLutz Rohrich. _nBd. 4 _pOben-Spielverderber |
| 250 | _a2. Aufl | ||
| 257 | _aDEU | ||
| 260 |
_аFreiburg et al _bHerder _c1994 |
||
| 300 | _c19 cm | ||
| 380 | _a80 | ||
| 650 | 4 |
_aНемски език - идиоми - речници _9254958 |
|
| 653 | _aнемски език | ||
| 653 | _aидиоматични речници | ||
| 760 | 1 |
_aRohrich, Lutz _b2. Aufl _h1107-1502 c _tBd. 4 Oben-Spielverderber |
|
| 852 | _aЦБ 186138 | ||
| 856 | 4 |
_qpdf _u |
|
| 856 | 4 |
_qpdf _u |
|
| 942 |
_cKNG _n0 |
||
| 944 |
_aCR _c01.01.1999 _kТеодора_Стоянова |
||
| 944 |
_aED _c19.01.2017 _kВиктор_Иванов |
||
| 999 |
_c46389 _d46389 |
||